000 00744nam a2200229 a 4500
001 13324
003 BD-JhCC
005 20230830085338.0
008 230810b2020 bg |||| ||a| 000 0 ben d
020 _a9789843456474
035 _a(BD-JhCC)13324
040 _aBD-JhCC
_dBD-JhCC
041 _abengali
082 _a297.12
_bAMA 2020
100 _aআল আমান,আবদুল আযীয
245 _aসেই ফুলেরই রৌশনিতে /
_cআবদুল আযীয আল আমান।
260 _aঢাকা :
_bবইকেন্দ্র পাবলিকেশন;
_c২০২০.
300 _a১১২ পৃ. :
_c২১ সেমি.
651 _aIslam.
942 _2ddc
_cBK
999 _c13324
_d13324